[Event "EU-ch Rapid"]
[Site "Katowice"]
[Date "2021.12.19"]
[Round "8"]
[White "Bjerre, Jonas Buhl"]
[Black "Kos, Pawel"]
[Result "1-0"]
[WhiteElo "2586"]
[BlackElo "2234"]
[PlyCount "69"]
[EventDate "2021.12.18"]
[EventType "swiss (rapid)"]
[EventRounds "11"]
[EventCountry "POL"]
[SourceTitle "CBM 205 Extra"]
[Source "ChessBase"]
[SourceDate "2022.01.31"]
[SourceVersion "1"]
[SourceVersionDate "2022.01.31"]
[SourceQuality "1"]

1. d4 Nf6 2. Nf3 g6 3. c4 d5 4. cxd5 Bg7 5. Qa4+ Nbd7 6. Nc3 a6 7. e4 0-0 8. Be2 b5 9. Qc2 Bb7 10. 0-0 Nb6 11. Ne5 b4 12. Nd1 e6 13. dxe6 Bxe4 14. exf7+ Kh8 15. Qc5 a5 16. Bg5 Na4 17. Qb5 Qxd4 18. Nf3 Qc5 19. Bxf6 Bxf6 20. Qxa4 Bc6 21. Qb3 a4 22. Qe3 Qxe3 23. fxe3 Rad8 24. Rc1 Bd5 25. Bc4 Be4 26. Nd4 Bxd4 27. exd4 Rxd4 28. Ne3 c6 29. Rfd1 c5 30. Rxd4 cxd4 31. Ng4 Kg7 32. Rd1 Rd8 33. Ne5 d3 34. Bxd3 Bd5 35. Bc4 1-0

[Event "EU-ch Rapid"]
[Site "Katowice"]
[Date "2021.12.18"]
[Round "3"]
[White "Kos, Pawel"]
[Black "Nytra, Ondrej"]
[Result "0-1"]
[WhiteElo "2234"]
[BlackElo "2125"]
[PlyCount "64"]
[EventDate "2021.12.18"]
[EventType "swiss (rapid)"]
[EventRounds "11"]
[EventCountry "POL"]
[SourceTitle "CBM 205 Extra"]
[Source "ChessBase"]
[SourceDate "2022.01.31"]
[SourceVersion "1"]
[SourceVersionDate "2022.01.31"]
[SourceQuality "1"]

1. Nf3 d5 2. d4 c6 3. Bf4 Nf6 4. e3 Qb6 5. Qc1 g6 6. Bd3 Bg7 7. Nbd2 0-0 8. h4 h5 9. c3 Nbd7 10. Qc2 Ng4 11. Ng5 c5 12. f3 Nh6 13. g4 e5 14. dxe5 Nxe5 15. Bxe5 Bxe5 16. 0-0-0 c4 17. Be2 Qxe3 18. Rhe1 Bg3 19. Rg1 Bxh4 20. gxh5 Bf5 21. Nge4 Qxe2 22. hxg6 fxg6 23. Rxg6+ Bxg6 24. Rg1 Kh7 25. Qa4 dxe4 26. Qd7+ Rf7 27. Qe6 Rg8 28. f4 e3 29. Ne4 Bxe4 30. Qxe4+ Nf5 31. Rh1 Qd2+ 32. Kb1 Qd3+ 0-1

[Event "Katowice POL-HUN rapid 8th"]
[Site "Katowice"]
[Date "2020.09.13"]
[Round "3.2"]
[White "Kos, Pawel"]
[Black "Piorun, Kacper"]
[Result "0-1"]
[WhiteElo "2234"]
[BlackElo "2596"]
[PlyCount "88"]
[EventDate "2020.09.13"]
[EventType "swiss (rapid)"]
[EventRounds "9"]
[EventCountry "POL"]
[SourceTitle "CBM 198 Extra"]
[Source "ChessBase"]
[SourceDate "2020.11.30"]
[SourceVersion "1"]
[SourceVersionDate "2020.11.30"]
[SourceQuality "1"]

1. Nf3 d5 2. g3 Nc6 3. d4 Bg4 4. Bg2 Qd7 5. h3 Bh5 6. a3 e6 7. b4 Bd6 8. Nbd2 Nf6 9. c4 Bxf3 10. exf3 dxc4 11. 0-0 b5 12. a4 Nxb4 13. axb5 Qxb5 14. f4 c6 15. Qe2 0-0 16. Qxc4 Nfd5 17. Qb3 a5 18. Nc4 a4 19. Rxa4 Qxa4 20. Qxa4 Rxa4 21. Nxd6 Nc2 22. f5 Nxd4 23. fxe6 Nxe6 24. Bb2 Rd8 25. Nf5 Ra2 26. Ba1 f6 27. Re1 Kf7 28. h4 h5 29. Rc1 g6 30. Nd4 Rxa1 31. Rxa1 Nxd4 32. Ra4 c5 33. Ra5 Ne6 34. Ra7+ Ne7 35. Bf1 Rd4 36. Bh3 f5 37. Bf1 Kf6 38. Bb5 Nc8 39. Ra6 Ke7 40. Be8 Nc7 41. Rc6 Nxe8 42. Rxc8 Rd5 43. Rc6 Nd6 44. Rc7+ Ke6 0-1

[Event "POL-chT 70th"]
[Site "Gorzow Wielkopolski"]
[Date "2014.10.04"]
[Round "8.4"]
[White "Bulski, Krzysztof"]
[Black "Kos, Pawel"]
[Result "1-0"]
[WhiteElo "2521"]
[BlackElo "2241"]
[PlyCount "119"]
[EventDate "2014.05.16"]
[EventType "team-tourn"]
[EventRounds "9"]
[EventCountry "POL"]
[SourceTitle "EXT 2015"]
[Source "ChessBase"]
[SourceDate "2014.11.20"]
[SourceVersion "1"]
[SourceVersionDate "2014.11.20"]
[SourceQuality "1"]
[WhiteTeam "Katowice"]
[BlackTeam "Pultusk Nadnarwianka"]
[WhiteTeamCountry "POL"]
[BlackTeamCountry "POL"]

1. d4 Nf6 2. c4 g6 3. f3 d5 4. cxd5 Nxd5 5. e4 Nb6 6. Nc3 Bg7 7. Be3 Nc6 8. d5 Ne5 9. Bd4 0-0 10. f4 Ng4 11. Bxg7 Kxg7 12. h3 Nf6 13. g4 e6 14. Qd4 c5 15. Qxc5 exd5 16. 0-0-0 Bd7 17. exd5 Na4 18. Qd4 Nxc3 19. bxc3 Kg8 20. Nf3 Rc8 21. Kb2 Nxd5 22. Qxd5 Qb6+ 23. Qb3 Qf2+ 24. Rd2 Qxf3 25. Bg2 Qg3 26. c4 Qxb3+ 27. axb3 Rc7 28. Re1 Be6 29. Bd5 Bxd5 30. Rxd5 Rb8 31. f5 Kg7 32. Rd6 b5 33. f6+ Kh6 34. Re7 Rbb7 35. Rxc7 Rxc7 36. cxb5 Kg5 37. Ka3 Kh4 38. Rd3 Kg5 39. Rf3 Rb7 40. Ka4 Rb6 41. Ka5 Rd6 42. Rc3 Rd7 43. b6 Kxf6 44. b4 Ke5 45. bxa7 Rxa7+ 46. Kb6 Ra4 47. b5 Rb4 48. g5 f5 49. gxf6 Kxf6 50. Ka6 Kg5 51. b6 Kh4 52. b7 Rb1 53. Rc5 Rxb7 54. Kxb7 Kxh3 55. Kc6 Kg4 56. Kd5 Kf4 57. Rc4+ Kg3 58. Ke4 h5 59. Rc3+ Kg4 60. Rc1 1-0

[Event "POL-chT"]
[Site "Warsaw"]
[Date "2012.09.30"]
[Round "9.3"]
[White "Schmidt, Wlodzimierz"]
[Black "Kos, Pawel"]
[Result "1-0"]
[WhiteElo "2378"]
[BlackElo "2251"]
[PlyCount "57"]
[EventDate "2012.05.04"]
[EventType "team-tourn"]
[EventRounds "9"]
[EventCountry "POL"]
[SourceTitle "EXT 2013"]
[Source "ChessBase"]
[SourceDate "2012.11.22"]
[SourceVersion "1"]
[SourceVersionDate "2012.11.22"]
[SourceQuality "1"]
[WhiteTeam "Poznan Pocztowiec"]
[BlackTeam "Pultusk Nadnarwianka"]
[WhiteTeamCountry "POL"]
[BlackTeamCountry "POL"]

1. Nf3 d5 2. d4 a6 3. c4 dxc4 4. e3 b5 5. a4 Bb7 6. b3 e6 7. bxc4 bxc4 8. Bxc4 c5 9. 0-0 Nf6 10. Nbd2 Nc6 11. Rb1 Ra7 12. Bb2 cxd4 13. Nxd4 Bd6 14. N2f3 Na5 15. Ba2 Be4 16. Rc1 Rd7 17. Qe2 e5 18. Nb3 Nxb3 19. Bxb3 Qb8 20. Bc4 0-0 21. Bxa6 Ba8 22. Bb5 e4 23. Nh4 Bxh2+ 24. Kh1 Rd6 25. Nf5 Rd2 26. Qxd2 Ng4 27. g3 Rd8 28. Qxd8+ Qxd8 29. Rc8 1-0

[Event "POL-chT"]
[Site "Warsaw"]
[Date "2012.09.28"]
[Round "7.2"]
[White "Lisowski, Krzysztof"]
[Black "Kos, Pawel"]
[Result "1-0"]
[WhiteElo "2179"]
[BlackElo "2251"]
[PlyCount "97"]
[EventDate "2012.05.04"]
[EventType "team-tourn"]
[EventRounds "9"]
[EventCountry "POL"]
[SourceTitle "EXT 2013"]
[Source "ChessBase"]
[SourceDate "2012.11.22"]
[SourceVersion "1"]
[SourceVersionDate "2012.11.22"]
[SourceQuality "1"]
[WhiteTeam "Ostroda"]
[BlackTeam "Pultusk Nadnarwianka"]
[WhiteTeamCountry "POL"]
[BlackTeamCountry "POL"]

1. e4 c5 2. Nf3 a6 3. c3 d5 4. exd5 Qxd5 5. d4 Nf6 6. Be3 Ng4 7. Nbd2 Nxe3 8. fxe3 e6 9. Bd3 Be7 10. 0-0 Nc6 11. Nc4 Qh5 12. a4 0-0 13. Qc2 Rb8 14. a5 Bd8 15. Nfe5 Nxe5 16. dxe5 f5 17. exf6 Rxf6 18. Rxf6 gxf6 19. Rf1 Bc7 20. g3 Qh6 21. Qf2 Kg7 22. e4 Qg5 23. e5 f5 24. Qxc5 Qd8 25. Rd1 b6 26. axb6 Bxb6 27. Nxb6 Qxb6 28. Qxb6 Rxb6 29. Rd2 Rc6 30. Kf2 Rc5 31. Re2 Bb7 32. Ke1 Kh6 33. Kd2 Kg5 34. b4 Rc7 35. c4 f4 36. gxf4+ Kxf4 37. Kc3 Rd7 38. c5 h5 39. Bc4 Re7 40. Kd4 Rd7+ 41. Kc3 Re7 42. Ra2 Kxe5 43. Bxa6 Bf3 44. Rf2 Bh1 45. b5 Rg7 46. Kb4 Kd4 47. c6 Ke3 48. Rc2 Rc7 49. Rc5 1-0

[Event "POL-chT"]
[Site "Wroclaw"]
[Date "2011.05.08"]
[Round "3.3"]
[White "Kos, Pawel"]
[Black "Wieczorek, Oskar"]
[Result "1/2-1/2"]
[WhiteElo "2238"]
[BlackElo "2383"]
[PlyCount "157"]
[EventDate "2011.05.06"]
[EventType "team-tourn"]
[EventRounds "9"]
[EventCountry "POL"]
[SourceTitle "EXT 2012"]
[Source "ChessBase"]
[SourceDate "2011.11.24"]
[SourceVersion "1"]
[SourceVersionDate "2011.11.24"]
[SourceQuality "1"]
[WhiteTeam "Pultusk Nadnarwianka"]
[BlackTeam "Wroclaw"]
[WhiteTeamCountry "POL"]
[BlackTeamCountry "POL"]

1. d4 Nf6 2. c4 g6 3. Nc3 d5 4. cxd5 Nxd5 5. Bd2 Bg7 6. e4 Nb6 7. Be3 0-0 8. Bb5 Bd7 9. Be2 Nc6 10. f4 Na5 11. Nf3 Nac4 12. Bc1 Bg4 13. e5 Na5 14. 0-0 Nc6 15. a3 Be6 16. Be3 Nd5 17. Bd2 Bh6 18. f5 Bxd2 19. Qxd2 Bxf5 20. Qh6 f6 21. Bc4 e6 22. Nxd5 exd5 23. exf6 Qxf6 24. Bxd5+ Kh8 25. Rad1 Qg7 26. Qxg7+ Kxg7 27. Bxc6 bxc6 28. Ne5 Be4 29. Rfe1 Bd5 30. Rc1 Rae8 31. Re2 Re6 32. g3 g5 33. Rf2 Rxf2 34. Kxf2 Rh6 35. Kg1 Rf6 36. Rc2 Rd6 37. Kf2 h6 38. Ke3 Re6 39. b4 Rd6 40. Rc5 Rf6 41. b5 Rf1 42. bxc6 Be6 43. Ra5 Re1+ 44. Kf2 Re4 45. Ra4 Kf6 46. Nf3 Bd5 47. Rxa7 g4 48. Nd2 Re7 49. Nf1 Bxc6 50. Ra6 Re6 51. Ne3 Kg5 52. Ra5+ Kg6 53. Nxg4 Bh1 54. Ne5+ Kf5 55. Nd3+ Kf6 56. Nc5 Re8 57. Ra6+ c6 58. Nd7+ Kf5 59. Ra5+ Bd5 60. Nc5 Rb8 61. Ke3 Rb2 62. h3 Rh2 63. g4+ Kg6 64. Nd7 Rxh3+ 65. Kf4 Rf3+ 66. Ke5 Kg5 67. Kd6 Rf4 68. Ne5 Rf6+ 69. Kc5 Kf4 70. Ra7 Be6 71. Rg7 Ke4 72. Nxc6 Bf7 73. Ne5 Ba2 74. Re7 Ra6 75. a4 Rxa4 76. Nf7+ Kd3 77. Ne5+ Ke4 78. Nf7+ Kd3 79. Ne5+ 1/2-1/2

[Event "Torun Region-ch op"]
[Site "Chelmza"]
[Date "2010.10.09"]
[Round "3.1"]
[White "Kos, Pawel"]
[Black "Gajek, Radoslaw"]
[Result "1-0"]
[WhiteElo "2233"]
[BlackElo "1930"]
[PlyCount "41"]
[EventDate "2010.10.08"]
[EventType "swiss"]
[EventRounds "5"]
[EventCountry "POL"]
[SourceTitle "EXT 2023"]
[Source "ChessBase"]
[SourceDate "2022.10.05"]
[SourceVersion "1"]
[SourceVersionDate "2022.10.05"]
[SourceQuality "1"]

1. d4 Nf6 2. Nf3 c5 3. c3 Qc7 4. g3 e6 5. Bg2 Nc6 6. 0-0 h5 7. h4 Be7 8. a3 d5 9. b4 cxd4 10. cxd4 a6 11. Nbd2 Ng4 12. e4 g5 13. hxg5 h4 14. Nxh4 Rxh4 15. e5 Nxf2 16. Rxf2 Rxd4 17. Qh5 Nxe5 18. Bb2 Qb6 19. Nb3 Nc6 20. Nxd4 Nxd4 21. Qh8+ 1-0

[Event "POL-chT3 Kujawsko Pomorskie 0910"]
[Site "Poland"]
[Date "2010.03.21"]
[Round "9.13"]
[White "Kos, Pawel"]
[Black "Konieczynski, Piotr"]
[Result "1-0"]
[WhiteElo "2235"]
[BlackElo "1905"]
[PlyCount "83"]
[EventDate "2009.11.08"]
[EventType "team-tourn"]
[EventRounds "11"]
[EventCountry "POL"]
[SourceTitle "EXT 2020"]
[Source "ChessBase"]
[SourceDate "2019.10.17"]
[SourceVersion "1"]
[SourceVersionDate "2019.10.17"]
[SourceQuality "1"]

1. c4 e5 2. Nc3 Nc6 3. Nf3 f5 4. d3 Nf6 5. g3 g6 6. Bg2 d6 7. 0-0 Bg7 8. Bg5 0-0 9. Qc1 Be6 10. Rb1 Qd7 11. b4 Nh5 12. b5 Nd8 13. Bd2 Nf7 14. Ne1 c6 15. bxc6 bxc6 16. Nc2 d5 17. Nb4 Nf6 18. Na4 Qd6 19. Na6 Rfc8 20. Bb4 Qd8 21. N4c5 Bd7 22. Nb7 Qe8 23. cxd5 Nxd5 24. Bxd5 cxd5 25. Nc7 Rxc7 26. Qxc7 Rc8 27. Qa5 Rc2 28. Nd6 Nxd6 29. Bxd6 Qe6 30. Qd8+ Qe8 31. Qxe8+ Bxe8 32. Rfc1 Rxc1+ 33. Rxc1 a6 34. Rc8 Kf7 35. Rc7+ Ke6 36. Rxg7 Kxd6 37. Rxh7 d4 38. Ra7 Bb5 39. a4 Bxa4 40. Rxa6+ Bc6 41. f3 Kc5 42. h4 1-0

[Event "Torun-Bydgoszcz"]
[Site "Torun"]
[Date "2009.12.13"]
[Round "?.2"]
[White "Zolnierowicz, Krzysztof"]
[Black "Kos, Pawel"]
[Result "1/2-1/2"]
[WhiteElo "2217"]
[BlackElo "2235"]
[PlyCount "69"]
[EventDate "2009.12.13"]
[EventType "team-match"]
[EventRounds "1"]
[EventCountry "POL"]
[SourceTitle "EXT 2018"]
[Source "ChessBase"]
[SourceDate "2017.10.13"]
[SourceVersion "1"]
[SourceVersionDate "2017.10.13"]
[SourceQuality "1"]

1. e4 c5 2. Nf3 Nc6 3. Bb5 g6 4. 0-0 Bg7 5. c3 a6 6. Bxc6 dxc6 7. d3 Nf6 8. h3 0-0 9. Qe2 b6 10. a4 a5 11. Na3 Ba6 12. Nc4 Qc7 13. e5 Nd5 14. e6 f6 15. Qe4 Rfd8 16. Bd2 Bc8 17. Rfe1 b5 18. Na3 Bb7 19. axb5 cxb5 20. Nxb5 Qb6 21. Qa4 Bc6 22. c4 Nb4 23. d4 cxd4 24. Bxb4 axb4 25. Qxb4 Rxa1 26. Rxa1 Bf8 27. Qa5 Qxa5 28. Rxa5 d3 29. Ra1 Bxb5 30. cxb5 Rb8 31. Nd4 f5 32. Rd1 Bg7 33. Rxd3 Bxd4 34. Rxd4 Rxb5 35. b4 1/2-1/2

[Event "POL-chT 2nd League"]
[Site "Miedzyzdroje"]
[Date "2009.09.13"]
[Round "2"]
[White "Kos, Pawel"]
[Black "Szromba, Krzysztof"]
[Result "1-0"]
[WhiteElo "2234"]
[BlackElo "2162"]
[PlyCount "63"]
[EventDate "2009.09.12"]
[EventType "team-swiss"]
[EventRounds "9"]
[EventCountry "POL"]
[SourceTitle "EXT 2019"]
[Source "ChessBase"]
[SourceDate "2018.10.10"]
[SourceVersion "1"]
[SourceVersionDate "2018.10.10"]
[SourceQuality "1"]
[WhiteTeam "Pultusk Nadnarwianka"]
[BlackTeam "Krakow TKKF Drogowiec"]
[WhiteTeamCountry "POL"]
[BlackTeamCountry "POL"]

1. e4 c5 2. Nf3 Nc6 3. Bb5 g6 4. 0-0 Bg7 5. c3 e5 6. d3 Nge7 7. Be3 d6 8. a3 0-0 9. b4 cxb4 10. axb4 d5 11. Bc5 a6 12. exd5 Qxd5 13. Bxc6 Nxc6 14. Bxf8 Bxf8 15. c4 Qd6 16. c5 Qf6 17. Ra4 Bd7 18. b5 Nb8 19. Nc3 Bxc5 20. Ne4 Qe7 21. Rc4 Bb6 22. Qa1 f6 23. d4 exd4 24. Re1 Be6 25. Rxd4 Bxd4 26. Nxd4 Nd7 27. Nc3 Ne5 28. f4 Qc5 29. Na4 Qb4 30. fxe5 fxe5 31. Nxe6 axb5 32. Qxe5 1-0

[Event "POL-chT 2nd League"]
[Site "Ustron"]
[Date "2008.09.14"]
[Round "9.56"]
[White "Mazalon, Mariusz"]
[Black "Kos, Pawel"]
[Result "1/2-1/2"]
[WhiteElo "2148"]
[BlackElo "2275"]
[PlyCount "21"]
[EventDate "2008.09.06"]
[EventType "team-swiss"]
[EventRounds "9"]
[EventCountry "POL"]
[SourceTitle "EXT 2015"]
[Source "ChessBase"]
[SourceDate "2014.11.20"]
[SourceVersion "1"]
[SourceVersionDate "2014.11.20"]
[SourceQuality "1"]
[WhiteTeam "Bydgoszcz Chemik"]
[BlackTeam "Pultusk Nadnarwianka"]
[WhiteTeamCountry "POL"]
[BlackTeamCountry "POL"]

1. c4 Nf6 2. Nf3 g6 3. g3 Bg7 4. Bg2 0-0 5. 0-0 c6 6. d4 d5 7. cxd5 cxd5 8. Nc3 Ne4 9. Bd2 Nc6 10. e3 Bg4 11. h3 1/2-1/2

[Event "POL-chT 2nd League"]
[Site "Ustron"]
[Date "2008.09.08"]
[Round "3.38"]
[White "Kos, Pawel"]
[Black "Gbyl, Andrzej"]
[Result "0-1"]
[WhiteElo "2275"]
[BlackElo "2236"]
[PlyCount "66"]
[EventDate "2008.09.06"]
[EventType "team-swiss"]
[EventRounds "9"]
[EventCountry "POL"]
[SourceTitle "EXT 2015"]
[Source "ChessBase"]
[SourceDate "2014.11.20"]
[SourceVersion "1"]
[SourceVersionDate "2014.11.20"]
[SourceQuality "1"]
[WhiteTeam "Pultusk Nadnarwianka"]
[BlackTeam "Krakow KKSz"]
[WhiteTeamCountry "POL"]
[BlackTeamCountry "POL"]

1. Nf3 d5 2. g3 c6 3. b3 Bg4 4. Bg2 Nd7 5. c4 e6 6. Bb2 Ngf6 7. 0-0 Be7 8. d3 0-0 9. Nbd2 b5 10. Nd4 Qb6 11. cxb5 cxb5 12. h3 Bh5 13. g4 Bg6 14. e4 Nc5 15. Qe2 Rad8 16. Nf5 exf5 17. exf5 Rfe8 18. fxg6 hxg6 19. Bd4 Qb8 20. f4 Bd6 21. Qf3 Ne6 22. Be3 d4 23. f5 gxf5 24. gxf5 dxe3 25. fxe6 Rxe6 26. Ne4 Be5 27. Rae1 Qb6 28. Kh1 Rxd3 29. Ng5 Re8 30. Qf5 Rd2 31. Nf3 Bg3 32. Nxd2 Bxe1 33. Ne4 Bh4 0-1

[Event "Zlota Wieze 50"]
[Site "Pultusk"]
[Date "2008.07.02"]
[Round "4.2"]
[White "Nurkiewicz, Maciej"]
[Black "Kos, Pawel"]
[Result "1-0"]
[WhiteElo "2381"]
[BlackElo "2271"]
[PlyCount "119"]
[EventDate "2008.06.30"]
[EventType "team"]
[EventRounds "9"]
[EventCountry "POL"]
[SourceTitle "EXT 2020"]
[Source "ChessBase"]
[SourceDate "2019.10.17"]
[SourceVersion "1"]
[SourceVersionDate "2019.10.17"]
[SourceQuality "1"]

1. e4 c5 2. Nc3 e6 3. g3 Nc6 4. Bg2 d6 5. d3 g6 6. Be3 Bg7 7. Qd2 a6 8. Nge2 Nd4 9. Nd1 Nxe2 10. Qxe2 Ne7 11. f4 Qc7 12. 0-0 0-0 13. Qf2 b6 14. g4 Ra7 15. g5 f5 16. gxf6 Rxf6 17. Qg3 Nc6 18. c3 e5 19. Nf2 Rf8 20. Ng4 exf4 21. Bxf4 Ne5 22. Nh6+ Kh8 23. d4 cxd4 24. cxd4 Nf7 25. Nxf7+ Rxf7 26. Rad1 Rd7 27. Bh3 Rd8 28. Bxc8 Qxc8 29. Bxd6 Qc6 30. e5 Qd5 31. Qf3 Qxa2 32. b3 Qc2 33. Rf2 Qc8 34. Qe4 Qh3 35. Rd3 Qh5 36. Qf4 g5 37. Qf5 h6 38. d5 Rad7 39. Qe6 Qh4 40. Be7 Qe4 41. Bxd8 Rxd8 42. Qf5 Qxe5 43. Qxe5 Bxe5 44. Rf7 a5 45. Rb7 Bd6 46. Kg2 Bc5 47. Kf3 Kg8 48. Ke4 Kf8 49. Rf3+ Kg8 50. Rf6 Re8+ 51. Kf5 Bd4 52. Re6 Rd8 53. d6 Bc5 54. Ke5 h5 55. Rbe7 Kf8 56. Rh7 Kg8 57. Rxh5 Be3 58. Kf6 Rf8+ 59. Ke7 Kg7 60. Rh7+ 1-0

[Event "Wroclaw op"]
[Site "Wroclaw"]
[Date "2008.04.30"]
[Round "3"]
[White "Malaniuk, Vladimir P"]
[Black "Kos, Pawel"]
[Result "1/2-1/2"]
[WhiteElo "2498"]
[BlackElo "2271"]
[PlyCount "70"]
[EventDate "2008.04.28"]
[EventType "swiss"]
[EventRounds "9"]
[EventCountry "POL"]
[SourceTitle "CBM 124 Extra"]
[Source "ChessBase"]
[SourceDate "2008.07.03"]
[SourceVersion "1"]
[SourceVersionDate "2008.07.03"]
[SourceQuality "1"]

1. d4 Nf6 2. Nf3 d5 3. c4 g6 4. cxd5 Nxd5 5. e4 Nb6 6. h3 Bg7 7. Nc3 0-0 8. Be3 Nc6 9. Bb5 Bd7 10. 0-0 Na5 11. Be2 Nac4 12. Bc1 e5 13. Bg5 f6 14. Bxc4+ Nxc4 15. Qb3 Be6 16. d5 Na5 17. Qa3 Bc8 18. Qxa5 fxg5 19. Nh2 Rf7 20. Rac1 b6 21. Qa4 Bf8 22. Qc4 a6 23. Ng4 Bxg4 24. hxg4 Bc5 25. b4 Bd4 26. Ne2 b5 27. Qb3 Bb6 28. Rc6 Qd7 29. Qg3 Raf8 30. Rxb6 cxb6 31. Qxe5 Qxg4 32. Nd4 Rxf2 33. Rxf2 Qd1+ 34. Kh2 Qh5+ 35. Kg1 Qd1+ 1/2-1/2

[Event "POL-chT 2nd League"]
[Site "Lublin"]
[Date "2006.09.03"]
[Round "2.8"]
[White "Dobrowolski, Piotr"]
[Black "Kos, Pawel"]
[Result "1-0"]
[WhiteElo "2391"]
[BlackElo "2253"]
[PlyCount "61"]
[EventDate "2006.09.02"]
[EventType "team-swiss"]
[EventRounds "9"]
[EventCountry "POL"]
[SourceTitle "EXT 2019"]
[Source "ChessBase"]
[SourceDate "2018.10.10"]
[SourceVersion "1"]
[SourceVersionDate "2018.10.10"]
[SourceQuality "1"]
[WhiteTeam "Wroclaw AZS WSB"]
[BlackTeam "Pultusk Nadnarwianka"]
[WhiteTeamCountry "POL"]
[BlackTeamCountry "POL"]

1. e4 c5 2. Nc3 Nc6 3. Bb5 g6 4. Bxc6 dxc6 5. f4 Bg7 6. Nf3 Nf6 7. 0-0 0-0 8. d3 Ne8 9. f5 gxf5 10. Qe1 Qd6 11. e5 Qe6 12. Qg3 Qg6 13. Qf2 b6 14. Ne2 f6 15. Nf4 Qf7 16. Qg3 Kh8 17. Re1 Nc7 18. Bd2 Rg8 19. Qh3 Ne6 20. exf6 exf6 21. Nh4 Nxf4 22. Bxf4 Bf8 23. Qf3 c4 24. d4 Bb7 25. Bg3 c5 26. d5 Bxd5 27. Qxf5 Rg5 28. Qf4 c3 29. bxc3 c4 30. Rf1 Be7 31. Rae1 1-0

[Event "Torun-ch"]
[Site "Torun"]
[Date "2006.??.??"]
[Round "9"]
[White "Kos, Pawel"]
[Black "Pazderski, Ziemowit"]
[Result "1/2-1/2"]
[WhiteElo "2253"]
[BlackElo "2197"]
[PlyCount "81"]
[EventDate "2006.??.??"]
[EventType "swiss"]
[EventRounds "9"]
[EventCountry "POL"]
[SourceTitle "EXT 2007"]
[Source "ChessBase"]
[SourceDate "2006.11.23"]
[SourceVersion "1"]
[SourceVersionDate "2006.11.23"]
[SourceQuality "1"]

1. Nf3 c5 2. b3 d6 3. Bb2 e5 4. d3 f5 5. e4 Nf6 6. Nbd2 Be7 7. Be2 0-0 8. c3 Nc6 9. 0-0 Qc7 10. b4 Kh8 11. Rc1 a6 12. Qb3 Nd8 13. bxc5 dxc5 14. d4 Nxe4 15. Nxe4 fxe4 16. Nxe5 Bd6 17. f4 exf3 18. Bxf3 Be6 19. Bd5 Rxf1+ 20. Rxf1 Qe7 21. Bxe6 Bxe5 22. Bd5 Bd6 23. c4 Nc6 24. dxc5 Bxc5+ 25. Kh1 Qe2 26. Rb1 Rf8 27. Bf3 Qf2 28. Qxb7 Nd4 29. Bxd4 Bxd4 30. Qe7 Bc5 31. Qe2 Qd4 32. Rd1 Qf4 33. Qe4 Qxe4 34. Bxe4 g6 35. Bf3 Rb8 36. g4 Rb2 37. Rd5 Bb4 38. a4 Rc2 39. Rd8+ Kg7 40. Rd7+ Kf6 41. Rxh7 1/2-1/2